Mis años en la Casa Blanca: primer mandato 1953-1956

Đã lưu trong:
Chi tiết về thư mục
Tác giả chính: Eisenhower, Dwight David (Tác giả)
Định dạng: Sách
Ngôn ngữ:Tiếng Tây Ban Nha
Được phát hành: Barcelona Bruguera 1964
Những chủ đề:
Các nhãn: Thêm thẻ
Không có thẻ, Là người đầu tiên thẻ bản ghi này!

MARC

LEADER 00000nam a2200000 a 4500
001 UCS2840
003 CL-VaPUC
008 970606e19640000SP |||||||||||||||||spa|d
082 0 4 |a 973.921  |b EIS  |2 21 
100 0 |a Eisenhower, Dwight David  |e author  |9 316135 
245 1 0 |a Mis años en la Casa Blanca: primer mandato 1953-1956 
300 |a 623 p 
942 |c BK 
945 |d 19970606 00:00:00  |a lriquelm 
260 |a Barcelona  |b Bruguera  |c 1964 
600 0 7 |a EISENHOWER, DWIGHT DAVID  |2 CL-VaPUC  |9 316135 
650 0 |a Biografías  |9 255210 
650 0 |a Presidentes  |9 255176 
650 0 |a Diplomacia  |9 256483 
650 0 |a Conflicto internacional  |9 341259 
650 0 |a Política internacional  |9 255813 
650 0 |a Ideologías políticas   |9 255735 
651 0 |a Estados Unidos  |9 255178 
583 |a last modification  |c 20150114 09:38:14  |k Rodrigo Vera 
999 |c 260769  |d 260767 
952 |0 0  |1 0  |4 0  |6 973_921000000000000_EIS_1964  |7 0  |8 P  |9 287108  |a BIBDER  |b BIBDER  |d 2019-11-19  |i 1865145  |o 973.921 EIS 1964  |p 1865145  |r 2023-01-25  |w 2019-11-19  |y BK  |k DER